Statistiques concernant Lieux de Mario et Luigi Superstar Saga

Cliquez ici pour prendre le quiz!

Statistiques générales

  • Ce quiz a été pris 15 fois
  • Le résultat moyen est 10 sur 28

Statistiques - réponses

Réponse% Correct
Château de Bowser
78%
Château de Végésia
78%
Hahadémie
78%
Aéroport de Végésia
67%
Ville du Château de Végésia
67%
Bois du Rire
56%
Joke End
56%
Mont Uf
56%
Plateau Stella
56%
Vallée Hihi
56%
Château de Peach
44%
Royaume Champignon
44%
Canton Héhé
33%
Little Toad
33%
Square Champignon
33%
Tortue-Jet
33%
Village Uf
33%
Château de Sodagnoble
22%
Cinéma Yoshi
22%
Royaume de Végésia
22%
Sous-sol de la Hahadémie
22%
Canalisations du Château
11%
Île Kusu
11%
Station des Wagonnets
11%
Atelier de Quiahare
0%
Le Millésime
0%
Ruines Marra
0%
Tribu Escargot
0%

Distribution des résultats

Percentile par nombre de réponses

% des personnes avec chaque résultat

Votre développement - résultats

Vous n’avez pas pris ce quiz